000 00422cam a2200169ua 4500
020 _c1.50
041 _amal
_h
082 _a894.8124
_bGEO/VI
100 _aGeorge, K M .
245 _aVicharakauthukam /
_cK M George.
_hTextual Documents
260 _aKottayam :
_bSahitya Pravarthaka Co-operative Society ,
_c1961.
300 _a116 ; .
365 _a1.50
504 _a
942 _cBK
999 _c5824
_d5824